| 000 | 00458nam a22001697a 4500 | ||
|---|---|---|---|
| 003 | MPLRDC | ||
| 005 | 20220104123514.0 | ||
| 008 | 210129b ||||| |||| 00| 0 eng d | ||
| 082 | _a225 LHFS | ||
| 100 | _a律航法师遗著 | ||
| 245 |
_a念佛入门白话解. 百日念佛自知录合刊 _c |
||
| 250 | _a再版 | ||
| 260 |
_a _b福峰彩色印刷有限公司 _c1992 |
||
| 300 | _b平 | ||
| 650 | _a佛教佈教及信仰生活 | ||
| 942 |
_cBK _o225 LHFS |
||
| 999 |
_c11969 _d11959 |
||